00694nam a22001817a 4500008004100000040001800041041000800059100003100067245011300098260004500211300002200256500010000278650002700378650001300405651001800418651002800436700004800464130821s1945 ck gr spa  aCo-BoUCMbspa00aspa aGonzalez, Francisco José00aRoma, guión de occidentecFrancisco José González, prólogo de Monseñor José Vicente Castro Silva aBogotá (Colombia)bEditorial Paxc1945 axi, 198 páginas aIncluye bibliografía e índice. -- Este libro se encuentra en el depósito de la biblioteca04aCristianismoxHistoria04aHistoria aRoma (Italia) aRoma (Italia)xHistoria aCastro Silva, José Vicente, Próloguista